مكتبة جامعة عجلون الوطنية

فهرس بحث المكتبة

نحو بيئة آمنة في ظل التحديات والمشكلات المعاصرة: المؤتمر البيئي العلمي الدولي الأول: جامعة عمان العربية - كلية الهندسة 17-18/تشرين الثاني/2018 (Record no. 29991)

MARC details
000 -LEADER
fixed length control field 01129nam a2200217Ii 4500
003 - CONTROL NUMBER IDENTIFIER
control field JO-AjNU
008 - FIXED-LENGTH DATA ELEMENTS--GENERAL INFORMATION
fixed length control field 230605s9999||||xx |||||||||||||| ||und||
017 ## - COPYRIGHT OR LEGAL DEPOSIT NUMBER
Copyright or legal deposit number 2109/1/388
020 ## - INTERNATIONAL STANDARD BOOK NUMBER
International Standard Book Number 978-9923-9748-0-3
040 ## - CATALOGING SOURCE
Original cataloging agency JO-AjNU
Language of cataloging ara
Description conventions rda
Transcribing agency JO-AjNU
041 ## - LANGUAGE CODE
Language code of text/sound track or separate title ara
050 14 - LIBRARY OF CONGRESS CALL NUMBER
Classification number QH541 2018
100 3# - MAIN ENTRY--PERSONAL NAME
Personal name اعداد جامعة عمان العربية، كلية الهندسة,
Relator term author
9 (RLIN) 58795
245 00 - TITLE STATEMENT
Title نحو بيئة آمنة في ظل التحديات والمشكلات المعاصرة: المؤتمر البيئي العلمي الدولي الأول: جامعة عمان العربية - كلية الهندسة 17-18/تشرين الثاني/2018
264 31 - PRODUCTION, PUBLICATION, DISTRIBUTION, MANUFACTURE, AND COPYRIGHT NOTICE
Place of production, publication, distribution, manufacture عمان: جامعة عمان العربية، 2018
300 ## - PHYSICAL DESCRIPTION
Extent 397ص
Other physical details المؤتمر العلمي الدولي الأول: جامعة عمان العربية - كلية الهندسة 17-18/تشرين الثاني/2018
336 ## - CONTENT TYPE
Content type term text
Content type code txt
Source rdacontent
337 ## - MEDIA TYPE
Media type term unmediated
Media type code n
Source rdamedia
338 ## - CARRIER TYPE
Carrier type term volume
Carrier type code nc
Source rdacarrier
650 #4 - SUBJECT ADDED ENTRY--TOPICAL TERM
Topical term or geographic name entry element التحديات - المشكلات المعاصرة - بيئة امنة - مؤتمرات
9 (RLIN) 58796
Holdings
Withdrawn status Lost status Source of classification or shelving scheme Damaged status Not for loan Home library Current library Shelving location Date acquired Total Checkouts Full call number Barcode Date last seen Price effective from Koha item type
    Library of Congress Classification     مكتبة جامعة عجلون الوطنية مكتبة جامعة عجلون الوطنية المراجع 06/06/2023   QH541 2018 A26423 06/06/2023 06/06/2023 Reference